000 00610nam a2200241Ia 4500
003 OSt
005 20220918174038.0
006 a|||||r|||| 00| 0
007 ta
008 220917b |||||||| |||| 00| 0 eng d
024 _a10,176
037 _cTextual
040 _aARTS
_cARTS
_beng
041 _2eng
_aeng
082 _aQ2:23, M5
100 _aChaudhri L R
_948899
245 0 _aPracticals of matras and tantras
260 _aNew Delhi
_bsagar
_c1985
300 _axi, 260p.
_ccm.
650 _aRELIGION
942 _hQ2:23, M5
_cTEXL
_2CC
999 _c151551
_d151551